00578cam a22002292 4500001001100000005001700011008004100028040001500069100003700084245009600121250001300217260002900230300001600259650005200275852000300327852000300330852000300333852000300336852000300339852000300342852000300345000002545820151217154546.0150924s xx 000 0 eng d aKABUcKABU1 aZimmerman, Joseph F.@000018610610aContemporary American Federalism :bThe growth of national power /cby Joseph F. Zimmerman. a 2nd ed. aNew York :bSUNY,c2008. a xi, 254 p. 0aFederal government xUnited States.@00001861071 1 1 1 1 1 1